| 000 | 01039nac a22002411u 4500 | ||
|---|---|---|---|
| 010 | _a 00040343 | ||
| 020 | _a0521783542 (hbk.) | ||
| 020 | _a0521789745 (pbk.) | ||
| 082 | 0 | 0 |
_a332.4015118 _bC449 |
| 090 |
_c2627 _d2627 |
||
| 100 | _aChamp, Bruce. | ||
| 245 | 1 | 0 |
_aModeling monetary economies / _cBruce Champ and Scott Freeman. |
| 250 | _a2nd ed. | ||
| 260 |
_aCambridge [England] ; _aNew York : _bCambridge University Press,2001 _c2001. |
||
| 300 |
_axvii, 325 p. : _bill. ; _c26 cm. |
||
| 504 | _aIncludes bibliographical references (p. 307-312) and indexes. | ||
| 650 | 0 |
_aMoney _xMathematical models. |
|
| 700 | 1 | _aFreeman, Scott. | |
| 856 | 4 | 2 |
_3Publisher description _uhttp://www.loc.gov/catdir/description/cam021/00040343.html |
| 856 | 4 | 2 |
_3Table of contents _uhttp://www.loc.gov/catdir/toc/cam025/00040343.html |
| 942 |
_cBB _k332.4015118 C449 |
||
| 999 |
_c2627 _d2627 |
||